Statistics for Countries by Total Road Length Quiz

Click here to take the quiz!

General Stats

  • This quiz has been taken 44 times
  • The average score is 26 of 30

Answer Stats

RankLength (km)Country% Correct
34847925China
100%
8977328France
100%
14774570Germany
100%
25904876India
100%
21409926Mexico
100%
20400740United Kingdom
100%
16961418United States
100%
10923349Australia
97%
41751879Brazil
97%
16116350Italy
97%
51531437Russia
97%
13700284Spain
97%
23232108Argentina
95%
71042469Canada
95%
61225021Japan
95%
19428118Poland
95%
22264158Pakistan
92%
9950999Indonesia
89%
15579769Sweden
89%
26216367Iran
87%
24225263Saudi Arabia
87%
18429195Turkey
87%
11750028South Africa
84%
12702368Thailand
82%
28199790Vietnam
79%
17138000Finland
71%
29193200Nigeria
71%
25217874Philippines
61%
27212773Hungary
29%
30183496Uzbekistan
16%

Score Distribution

Percentile by Number Answered

Percent of People with Each Score

Your Score History

You have not taken this quiz